Statistics for "A Holly Jolly Christmas" Lyrics

Click here to take the quiz!

General Stats

  • This quiz has been taken 32 times
  • The average score is 67 of 86

Answer Stats

Lyric% Correct
a
100%
a
100%
a
100%
a
100%
a
100%
Christmas,
100%
Christmas,
100%
Christmas
100%
Christmas
100%
ho,
100%
holly
100%
holly
100%
holly
100%
holly
100%
jolly
100%
jolly
100%
jolly
100%
jolly
100%
I
97%
Have
94%
Have
94%
have
94%
Have
94%
have
94%
It's
94%
be
90%
of
90%
of
90%
the
90%
the
90%
the
90%
the
90%
time
90%
year
90%
year
90%
you
90%
you
90%
you
90%
you
90%
you
90%
you
90%
best
87%
and
81%
and
81%
and
81%
snow,
81%
me
77%
hear,
74%
Oh
74%
oh
74%
this
74%
cheer
71%
know
71%
know
71%
to
71%
but
68%
if
68%
in
68%
mistletoe,
68%
there'll
68%
cup
65%
don't
65%
by
58%
can
58%
case
58%
didn't
58%
for
58%
for
58%
golly,
58%
see
58%
where
58%
her
55%
when
55%
hello
52%
kiss
52%
once
52%
say
52%
Somebody
52%
waits
52%
down
48%
hung
48%
meet
48%
everyone
45%
friends
45%
street,
42%
walk
42%

Score Distribution

Percentile by Number Answered

Percent of People with Each Score

Your Score History

You have not taken this quiz